000 01616nam a22002777a 4500
001 8474
003 FISKH
005 20250915123150.0
008 250915b cb ||||| |||| 00| 0 eng d
040 _aFISKH
_beng
_cFISKH
_dFISKH
050 _aPZ7
082 _a362.41
100 _aHickok, Lorena A.
245 _aHelen and the stranger /
_cby Lorena A. Hickok ; illustrated by Anthony D'Adamo
250 _aThis edition published in 1972
260 _aChicago :
_bScience Research Associates,
_c1958
300 _a31 pages :
_bcolor illustrations ;
_c21 cm
505 _aR
520 _aThis biography tells the story of Helen Keller, who became blind and deaf at 19 months old. Growing up in silence and darkness, she often felt frustrated and threw tantrums. Everything changed when a new teacher, Anne Sullivan, arrived—“the stranger” who entered Helen’s world. Anne patiently taught Helen to communicate through touch and finger spelling, beginning with the famous breakthrough at the water pump, when Helen understood that everything has a name. The book follows Helen’s struggles and triumphs: learning to read and write, attending school and later college, writing books, and traveling the world to inspire others. It shows Helen’s determination and the life-changing role of her teacher, highlighting themes of courage, perseverance, and the power of education.
521 8 _a660
_bLexile estimate
521 8 _aR
_bRaz-Plus
650 _aHelen Keller
_vBiography
_xDisabilities
700 _aD'Adamo, Anthony
_eillustrator
942 _2ddc
_cBK
_n0
999 _c8474
_d8474